Magic TXT - lyrics - Statistics

General Stats
  • This quiz has been taken 99 times
  • The average score is 298 of 371
Answer Stats
Answer % Correct
I
100%
like
100%
to
100%
you
100%
just
99%
no
99%
No
99%
a
97%
feel
97%
it
97%
magic
97%
Magic
97%
Oh
97%
oh
97%
Oh-oh
97%
oh-oh
97%
it's
96%
It's
96%
one
96%
your
96%
be
94%
Feeling
94%
so
94%
go
91%
in
88%
used
88%
Used
88%
touch
87%
Remember
85%
rush
85%
heart
82%
me
82%
my
82%
nobody
82%
Nobody
82%
We
82%
we
82%
how
81%
place
79%
Stuck
79%
the
78%
cold
76%
got
76%
Got
76%
has
75%
all
73%
Nowhere
73%
real
73%
you're
72%
affraid
70%
Affraid
70%
and
70%
froze
70%
something
70%
Something
70%
take
70%
chance
69%
clap
69%
hands
69%
baby
67%
Baby
67%
else
67%
Everybody
67%
everybody
67%
If
67%
out
67%
strong
67%
games
66%
of
66%
broken
64%
'Cause
63%
make
63%
Making
63%
played
63%
Teaching
63%
away
61%
can't
61%
grab
61%
giving
60%
Holding
60%
reach
60%
move
58%
tight
58%
could
57%
life
57%
look
57%
Suddenly
55%
through
55%
with
55%
came
54%
changed
54%
day
52%
name
52%
save
52%
you've
51%
say
49%
called
46%
someone
46%
Hoping
45%
'Til
45%
around
43%
would
39%
Waited
28%
awake
27%
Felling
6%
lika
0%
No matching quizzes found
Score Distribution
Percent of People with Each Score
Percentile by Number Answered
Your Score History
You have not taken this quiz